000 00779nas a2200265 4500
001 BR0602720
003 BR-BrBNA
005 20231205110049.0
007 ta
008 230509b bl.|||p| |||| 00| 00por d
040 _aBR-BrBNA
_bpor
_cBiblioteca Nacional de Agricultura
041 _a(Pt)
072 _aL70
100 1 _aDel Carlo, R.J.
100 1 _aMonteiro, B.S.
100 1 _aDaibert, A.P.F.
100 1 _aPinheiro L.C.P.
245 1 _aMedula óssea autógena. Uma alternativa de enxerto em ortopedia veterinária
650 _aCÃO
650 _aMEDULA ÓSSEA
650 _aCIRURGIA
773 0 _tRevista Ceres (Brazil)
_xISSN 0034-737X
_g(May-Jun 2004), v. 51(295) p. 411-419
_wBR0602720
909 _a202311
_bLúcia
_c55
_dLúcia Elande
942 _2AGRIS
_n0
_cANA
999 _c186042
_d186042